000 00573nam a2200217Ia 4500
003 OSt
005 20220918231534.0
006 a|||||r|||| 00| 0
007 ta
008 220917b |||||||| |||| 00| 0 eng d
024 _a307,176
037 _cTextual
040 _aARTS
_cARTS
_beng
041 _2eng
_aeng
082 _aQ22:223, 1591M4
100 _aBanaprasthy Sadhak Balaram
_9154987
245 0 _aSrimat Bhagavat Mohapuranam
260 _c1984
942 _hQ22:223, 1591M4
_cTEXL
_2CC
999 _c291610
_d291610